000 00465ntaaa2200193 4500
003 01
005 20251027201726.0
008 0714s1973 ag 01
040 _aAR-BaBN
_bspa
_cAR-BaBN
_eaacr
_dRIC
082 _a234.2000 R13
100 _aRall, Harris Franklin
_912514
245 _aA working faith
250 _a1 ed.
260 _aNew York :
_bAbingdon Press,
_cc1914
300 _a263 p
650 _ateologĂ­a-fe
_913365
650 _afe
_91848
942 _cBK
999 _c11913
_d11913